| 000 | 01215nam a2200325 i 4500 | ||
|---|---|---|---|
| 003 | EG-GICUC | ||
| 005 | 20260324152538.0 | ||
| 008 | 260324s1989 ua ||||fr|||| 00| 0 ara d | ||
| 017 | _a1989/4472 | ||
| 020 | _a9773370003 | ||
| 040 |
_a EG-GICUC _bara _c EG-GICUC _d EG-GICUC _erda |
||
| 041 | _aara | ||
| 082 | 0 | 4 |
_221 _a343.3 _bم ح . م |
| 092 | 0 | 4 | _221 |
| 099 | _aLaw1 10 343.3 م ح . م 1989 | ||
| 100 | 0 |
_aمحمود عطيفة _eمؤلف. |
|
| 245 | 1 | 0 |
_aمحاضرات فى الإجراءات الجنائية / _cللمستشار محمود عطيفة. |
| 264 | 1 |
_aجمهورية مصر العربية : _bوزارة العدل - المركز القومى للدراسات القضائية، _c1989. |
|
| 300 |
_a190 صفحة : _c24 سم. |
||
| 336 |
_2rda content _atext |
||
| 337 |
_2rda media _aComputer |
||
| 338 |
_2rda carrier _aOnline Resource |
||
| 504 | _aيشتمل على إرجاعات ببليوجرافية. | ||
| 546 | _aالنص باللغة العربية | ||
| 650 | 1 | _aالقانون الجنائي | |
| 650 | 1 | _aقانون الإجراءات الجنائية | |
| 856 | 4 | 0 | _uhttps://fll.law.cu.edu.eg/fulltext/bks/B10-05717.pdf |
| 905 | _a43 | ||
| 942 |
_2ddc _n0 _cBK _e21 |
||
| 999 |
_c66620 _d66620 |
||